[Event "SRB-chT Men 1st League 2019"]
[Site "Subotica"]
[Date "2019.08.29"]
[Round "8.6"]
[White "Ostojic, Nikola"]
[Black "Laketic, Gojko"]
[Result "0-1"]
[WhiteElo "2432"]
[BlackElo "2376"]
[Annotator "NA"]
[PlyCount "39"]
[EventDate "2019.08.23"]
[EventType "team-tourn"]
[EventCountry "SRB"]
[SourceTitle "playchess.com"]
[Source "ChessBase"]
[SourceQuality "1"]
[TimeControl "40/5400+30:1800+30"]

1. Nf3 {[%emt 0:02:48]} d5 {[%emt 0:00:04]} 2. g3 {[%emt 0:00:38]} c6 {[%emt 0:01:51]} 3. Bg2 {[%emt 0:00:05]} Bg4 {[%emt 0:00:44]} 4. d3 {[%emt 0:00:18]} Nd7 {[%emt 0:01:12]} 5. Nbd2 {[%emt 0:00:31]} e6 {[%emt 0:00:46]} 6. O-O {[%emt 0:00:18]} Ngf6 {[%emt 0:03:53]} 7. h3 {[%emt 0:01:27]} Bh5 {[%emt 0:01:18]} 8. Qe1 {[%emt 0:00:50]} Bb4 {[%emt 0:14:31]} 9. a3 {[%emt 0:07:39]} Ba5 {[%emt 0:00:12]} 10. b4 {[%emt 0:33:53]} Bc7 {[%emt 0:01:12]} 11. Bb2 {[%emt 0:00:29]} O-O {[%emt 0:00:25]} 12. e4 {[%emt 0:00:16]} Nb6 {[%emt 0:10:37]} 13. a4 {[%emt 0:24:12]} a5 {[%emt 0:02:24]} 14. Nb3 {[%emt 0:08:50]} dxe4 {[%emt 0:13:20]} 15. dxe4 {[%emt 0:00:08]} axb4 {[%emt 0:05:11]} 16. g4 {[%emt 0:10:10]} Bg6 {[%emt 0:01:40]} 17. a5 {[%emt 0:00:03]} Nc4 {[%emt 0:14:49]} 18. Bxf6 {[%emt 0:00:28]} Qxf6 {[%emt 0:00:13]} 19. Nc5 {[%emt 0:04:14]} Ne5 {[%emt 0:04:14]} 20. Qe3 {[%emt 0:02:43]} 0-1

[Event "SRB-chT Men 1st League 2019"]
[Site "Subotica"]
[Date "2019.08.29"]
[Round "8.7"]
[White "Sedlak, Nikola"]
[Black "Ter-Sahakyan, Samvel"]
[Result "0-1"]
[WhiteElo "2590"]
[BlackElo "2632"]
[Annotator "TA"]
[PlyCount "36"]
[EventDate "2019.08.23"]
[EventType "team-tourn"]
[EventCountry "SRB"]
[SourceTitle "playchess.com"]
[Source "ChessBase"]
[SourceQuality "1"]

{[%evp 13,36,0,0,0,4,0,0,0,0,0,4,-23,-23,-14,-28,-27,15,-48,-48,-34,-37,-65,-66,-80,-76]} 1. d4 Nf6 2. c4 e6 3. Nc3 Bb4 4. Bd2 d5 5. e3 O-O 6. Nf3 b6 7. cxd5 exd5 8. Rc1 {E51: Nimzo-Indian: Rubinstein: 4...0-0 5 Nf3 d5} Bb7 9. Bd3 Be7 10. O-O {The position is equal.} c5 11. Ne5 Nc6 12. f3 $146 ({Predecessor:} 12. Be1 a6 13. f3 cxd4 14. Nxc6 Bxc6 15. exd4 Bb7 16. Bh4 Nh5 17. Bxe7 Qxe7 {1-0 (59) Yu,Y (2759)-Wang,H (2710) Tianjin 2018}) 12... Bd6 13. Nxc6 Bxc6 14. Qe1 Re8 (14... c4 $5 {[%cal Rc4d3]} 15. Bf5 Bc7 $11) 15. Qh4 (15. Nb5 $11) 15... c4 $15 16. Bb1 b5 17. g4 {[#] g5 is the strong threat.} g6 18. g5 Nh5 {Accuracy: White = 45%, Black = 87%.} 0-1

[Event "SRB-chT Men 1st League 2019"]
[Site "Subotica"]
[Date "2019.08.29"]
[Round "8.8"]
[White "Ratkovic, Miloje"]
[Black "Berkes, Ferenc"]
[Result "0-1"]
[WhiteElo "2431"]
[BlackElo "2666"]
[Annotator "RC"]
[PlyCount "90"]
[EventDate "2019.08.23"]
[EventType "team-tourn"]
[EventCountry "SRB"]
[SourceTitle "playchess.com"]
[Source "ChessBase"]
[SourceQuality "1"]
[TimeControl "40/5400+30:1800+30"]

1. d4 {[%emt 0:03:56]} d5 {[%emt 0:00:00]} 2. c4 {[%emt 0:00:40]} e6 {[%emt 0:00:10]} 3. Nf3 {[%emt 0:00:12]} Nf6 {[%emt 0:00:28]} 4. e3 {[%emt 0:00:09]} a6 {[%emt 0:01:25]} 5. Nbd2 {[%emt 0:00:37]} c5 {[%emt 0:01:09]} 6. b3 {[%emt 0:00:40]} cxd4 {[%emt 0:01:10]} 7. exd4 {[%emt 0:00:19]} Nc6 {[%emt 0:00:48]} 8. Bb2 {[%emt 0:00:32]} g6 {[%emt 0:01:04]} 9. Ne5 {[%emt 0:11:56]} Bg7 {[%emt 0:07:14]} 10. Nxc6 {[%emt 0:05:13]} bxc6 {[%emt 0:00:25]} 11. Ba3 {[%emt 0:01:49]} Ne4 {[%emt 0:15:54]} 12. Nxe4 {[%emt 0:18:33]} Qa5+ {[%emt 0:00:22]} 13. Qd2 {[%emt 0:03:22]} Qxa3 {[%emt 0:00:43]} 14. cxd5 {[%emt 0:00:08]} exd5 {[%emt 0:16:08]} 15. Nc5 {[%emt 0:16:14]} O-O {[%emt 0:00:21]} 16. Be2 {[%emt 0:04:21]} Rb8 {[%emt 0:00:10]} 17. O-O {[%emt 0:04:37]} Rb4 {[%emt 0:00:33]} 18. Qc1 {[%emt 0:05:33]} Qa5 {[%emt 0:02:44]} 19. a3 {[%emt 0:02:31]} Rxd4 {[%emt 0:00:50]} 20. b4 {[%emt 0:00:35]} Qb6 {[%emt 0:00:55]} 21. Ra2 {[%emt 0:00:54]} Re8 {[%emt 0:06:11]} 22. Rc2 {[%emt 0:06:33]} Bf5 {[%emt 0:02:45]} 23. Ra2 {[%emt 0:00:02]} h5 {[%emt 0:02:19]} 24. Nb3 {[%emt 0:03:30]} Rde4 {[%emt 0:05:15]} 25. Bd3 {[%emt 0:00:01]} Rxb4 {[%emt 0:05:03]} 26. axb4 {[%emt 0:00:56]} Bxd3 {[%emt 0:00:06]} 27. Re1 {[%emt 0:00:44]} Rxe1+ {[%emt 0:00:29]} 28. Qxe1 {[%emt 0:00:02]} Bc4 {[%emt 0:00:10]} 29. Ra3 {[%emt 0:01:41]} Bf8 {[%emt 0:06:55]} 30. Nc5 {[%emt 0:00:32]} Bxc5 {[%emt 0:00:40]} 31. bxc5 {[%emt 0:00:06]} Qxc5 {[%emt 0:00:05]} 32. Re3 {[%emt 0:00:15]} d4 {[%emt 0:00:36]} 33. Re8+ {[%emt 0:00:33]} Kg7 {[%emt 0:00:09]} 34. Rd8 {[%emt 0:00:46]} Be6 {[%emt 0:05:12]} 35. h4 {[%emt 0:02:28]} a5 {[%emt 0:03:34]} 36. Qa1 {[%emt 0:03:17]} Qc3 {[%emt 0:00:39]} 37. Qb1 {[%emt 0:00:19]} a4 {[%emt 0:04:20]} 38. Qb8 {[%emt 0:03:24]} d3 {[%emt 0:00:57]} 39. Rh8 {[%emt 0:00:40]} d2 {[%emt 0:08:08]} 40. Qf8+ {[%emt 0:00:00]} Kf6 {[%emt 0:00:00]} 41. Qd8+ {[%emt 0:04:18]} Ke5 {[%emt 0:00:36]} 42. Kh2 {[%emt 0:08:49]} Qd4 {[%emt 0:02:25]} 43. Qa5+ {[%emt 0:08:49]} c5 {[%emt 0:01:18]} 44. Qc7+ {[%emt 0:01:28]} Kf5 {[%emt 0:00:26]} 45. Qd8 {[%emt 0:03:12]} d1=Q {[%emt 0:01:41]} 0-1

[Event "SRB-chT Men 1st League 2019"]
[Site "Subotica"]
[Date "2019.08.29"]
[Round "8.10"]
[White "Popov, Sinisa S"]
[Black "Cabarkapa, Novak"]
[Result "0-1"]
[WhiteElo "2440"]
[BlackElo "2434"]
[Annotator "NA"]
[PlyCount "94"]
[EventDate "2019.08.23"]
[EventType "team-tourn"]
[EventCountry "SRB"]
[SourceTitle "playchess.com"]
[Source "ChessBase"]
[SourceQuality "1"]
[TimeControl "40/5400+30:1800+30"]

1. d4 {[%emt 0:00:00]} Nf6 {[%emt 0:00:00]} 2. c4 {[%emt 0:00:02]} g6 {[%emt 0:00:00]} 3. Nf3 {[%emt 0:00:20]} Bg7 {[%emt 0:00:03]} 4. g3 {[%emt 0:00:10]} O-O {[%emt 0:00:08]} 5. Bg2 {[%emt 0:00:08]} d6 {[%emt 0:00:05]} 6. O-O {[%emt 0:00:12]} Nc6 {[%emt 0:00:04]} 7. Nc3 {[%emt 0:01:36]} Bg4 {[%emt 0:00:06]} 8. Ne1 {[%emt 0:09:53]} Qc8 {[%emt 0:13:41]} 9. Nc2 {[%emt 0:10:03]} e5 {[%emt 0:11:48]} 10. d5 {[%emt 0:02:46]} Ne7 {[%emt 0:00:57]} 11. f3 {[%emt 0:01:25]} Bd7 {[%emt 0:01:42]} 12. e4 {[%emt 0:06:23]} Ne8 {[%emt 0:06:31]} 13. Be3 {[%emt 0:02:40]} f5 {[%emt 0:00:12]} 14. Qd2 {[%emt 0:07:17]} Nf6 {[%emt 0:08:41]} 15. c5 {[%emt 0:10:16]} Qe8 {[%emt 0:20:46]} 16. Kh1 {[%emt 0:07:33]} Nh5 {[%emt 0:02:40]} 17. Ne2 {[%emt 0:13:54]} Bb5 {[%emt 0:05:12]} 18. Na3 {[%emt 0:00:45]} Ba6 {[%emt 0:00:41]} 19. b3 {[%emt 0:03:28]} f4 {[%emt 0:01:39]} 20. Bf2 {[%emt 0:02:20]} fxg3 {[%emt 0:00:53]} 21. hxg3 {[%emt 0:00:10]} Bh6 {[%emt 0:00:16]} 22. Qc2 {[%emt 0:02:03]} dxc5 {[%emt 0:04:46]} 23. Nc4 {[%emt 0:00:57]} b6 {[%emt 0:00:21]} 24. Qc3 {[%emt 0:03:57]} Bg7 {[%emt 0:02:20]} 25. Rad1 {[%emt 0:01:19]} Nc8 {[%emt 0:00:51]} 26. Bh3 {[%emt 0:00:28]} Nd6 {[%emt 0:00:52]} 27. Be6+ {[%emt 0:00:26]} Kh8 {[%emt 0:00:23]} 28. g4 {[%emt 0:00:20]} Nf4 {[%emt 0:04:12]} 29. Nxf4 {[%emt 0:00:29]} exf4 {[%emt 0:00:16]} 30. e5 {[%emt 0:01:41]} Nxc4 {[%emt 0:00:45]} 31. bxc4 {[%emt 0:00:09]} Bc8 {[%emt 0:00:04]} 32. Rfe1 {[%emt 0:02:12]} Bxe6 {[%emt 0:00:30]} 33. dxe6 {[%emt 0:00:06]} Qxe6 {[%emt 0:02:47]} 34. Bh4 {[%emt 0:01:32]} Rae8 {[%emt 0:00:58]} 35. Bf6 {[%emt 0:01:06]} Kg8 {[%emt 0:04:23]} 36. Kg2 {[%emt 0:01:26]} Qf7 {[%emt 0:02:40]} 37. g5 {[%emt 0:00:33]} Re6 {[%emt 0:00:45]} 38. Rd5 {[%emt 0:04:59]} c6 {[%emt 0:02:22]} 39. Rd3 {[%emt 0:03:04]} Rfe8 {[%emt 0:01:24]} 40. Re4 {[%emt 0:00:00]} h6 {[%emt 0:00:00]} 41. Qd2 {[%emt 0:06:25]} Bxf6 {[%emt 0:04:26]} 42. gxf6 {[%emt 0:01:19]} Rxe5 {[%emt 0:00:29]} 43. Rd8 {[%emt 0:00:08]} R5e6 {[%emt 0:03:43]} 44. Qd3 {[%emt 0:07:15]} Kf8 {[%emt 0:03:39]} 45. Rxe8+ {[%emt 0:15:44]} Qxe8 {[%emt 0:01:27]} 46. Rxf4 {[%emt 0:00:21]} Kf7 {[%emt 0:02:35]} 47. Rh4 {[%emt 0:02:47]} h5 {[%emt 0:01:08]} 0-1

[Event "SRB-chT Men 1st League 2019"]
[Site "Subotica"]
[Date "2019.08.29"]
[Round "8.11"]
[White "Lukovic, Vladimir"]
[Black "Budisavljevic, Luka"]
[Result "1/2-1/2"]
[WhiteElo "2420"]
[BlackElo "2359"]
[Annotator "NA"]
[PlyCount "87"]
[EventDate "2019.08.23"]
[EventType "team-tourn"]
[EventCountry "SRB"]
[SourceTitle "playchess.com"]
[Source "ChessBase"]
[SourceQuality "1"]
[TimeControl "40/5400+30:1800+30"]

1. e4 {[%emt 1:30:30]} c5 {[%emt 1:30:30]} 2. Nf3 {[%emt 0:00:30]} Nc6 {[%emt 0:00:30]} 3. Bb5 {[%emt 0:00:30]} e6 {[%emt 0:00:30]} 4. O-O {[%emt 0:00:30]} Nge7 {[%emt 0:00:30]} 5. Re1 {[%emt 0:00:30]} a6 {[%emt 0:00:30]} 6. Bxc6 {[%emt 0:00:30]} Nxc6 {[%emt 0:00:30]} 7. d4 {[%emt 0:00:30]} cxd4 {[%emt 0:00:30]} 8. Nxd4 {[%emt 0:00:30]} Qc7 {[%emt 0:00:30]} 9. Nc3 {[%emt 0:00:30]} Bd6 {[%emt 0:00:30]} 10. h3 {[%emt 0:00:30]} O-O {[%emt 0:00:30]} 11. a4 {[%emt 0:00:30]} Nxd4 {[%emt 0:00:30]} 12. Qxd4 {[%emt 0:00:30]} Be5 {[%emt 0:00:30]} 13. Qd3 {[%emt 0:00:30]} b6 {[%emt 0:00:30]} 14. Bd2 {[%emt 0:00:30]} f5 {[%emt 0:00:30]} 15. f4 {[%emt 0:00:30]} Bxf4 {[%emt 0:00:30]} 16. Bxf4 {[%emt 0:00:30]} Qxf4 {[%emt 0:00:30]} 17. Rf1 {[%emt 0:00:30]} Qe5 {[%emt 0:00:30]} 18. exf5 {[%emt 0:00:30]} Qc5+ {[%emt 0:00:30]} 19. Kh1 {[%emt 0:00:30]} Rxf5 {[%emt 0:00:30]} 20. Rxf5 {[%emt 0:00:30]} Qxf5 {[%emt 0:00:30]} 21. Qxf5 {[%emt 0:00:30]} exf5 22. Nd5 {[%emt 0:00:30]} Bb7 {[%emt 0:01:00]} 23. Ne7+ {[%emt 0:00:30]} Kh8 {[%emt 0:00:30]} 24. Nxf5 {[%emt 0:00:30]} Rf8 {[%emt 0:00:30]} 25. Nd6 {[%emt 0:00:30]} Bc6 {[%emt 0:00:30]} 26. Kg1 {[%emt 0:00:30]} Rf4 {[%emt 0:00:30]} 27. b3 {[%emt 0:00:30]} Rd4 {[%emt 0:00:30]} 28. Nc4 {[%emt 0:00:30]} g6 {[%emt 0:00:30]} 29. Re1 {[%emt 0:00:30]} b5 {[%emt 0:00:30]} 30. axb5 {[%emt 0:00:30]} axb5 {[%emt 0:00:30]} 31. Ne5 {[%emt 0:00:30]} Bb7 {[%emt 0:00:30]} 32. Re2 {[%emt 0:00:30]} Kg7 {[%emt 0:00:30]} 33. Kf2 {[%emt 0:00:30]} Rd5 {[%emt 0:00:30]} 34. Nd3 {[%emt 0:00:30]} Kf6 {[%emt 0:00:30]} 35. Ke3 {[%emt 0:00:30]} Rg5 {[%emt 0:00:30]} 36. Rf2+ {[%emt 0:00:30]} Ke7 {[%emt 0:00:30]} 37. g4 {[%emt 0:00:30]} h5 {[%emt 0:00:30]} 38. gxh5 {[%emt 0:00:30]} Rxh5 {[%emt 0:00:30]} 39. Nf4 {[%emt 0:00:30]} Rg5 {[%emt 0:00:30]} 40. Kd4 {[%emt 0:00:30]} Kd6 {[%emt 0:00:30]} 41. Nd3 {[%emt 0:30:30]} Bc6 {[%emt 0:30:30]} 42. c4 {[%emt 0:00:30]} bxc4 {[%emt 0:00:30]} 43. bxc4 {[%emt 0:00:30]} Rh5 {[%emt 0:00:30]} 44. Rf6+ {[%emt 0:00:30] Kd5+ Ke4+ Ke5+} 1/2-1/2

[Event "SRB-chT Men 1st League 2019"]
[Site "Subotica"]
[Date "2019.08.29"]
[Round "8.12"]
[White "Bodiroga, Predrag"]
[Black "Zegarac, Vuk"]
[Result "0-1"]
[WhiteElo "2330"]
[BlackElo "2310"]
[Annotator "NA"]
[PlyCount "42"]
[EventDate "2019.08.23"]
[EventType "team-tourn"]
[EventCountry "SRB"]
[SourceTitle "playchess.com"]
[Source "ChessBase"]
[SourceQuality "1"]
[TimeControl "40/5400+30:1800+30"]

1. d4 {[%emt 0:00:25]} Nf6 {[%emt 0:00:00]} 2. Nf3 {[%emt 0:01:32]} e6 {[%emt 0:00:00]} 3. c4 {[%emt 0:00:18]} c5 {[%emt 0:00:00]} 4. e3 {[%emt 0:00:57]} cxd4 {[%emt 0:00:04]} 5. Nxd4 {[%emt 0:00:51]} Bb4+ {[%emt 0:02:29]} 6. Bd2 {[%emt 0:01:01]} Be7 {[%emt 0:00:06]} 7. Nc3 {[%emt 0:00:27]} Nc6 {[%emt 0:00:18]} 8. Nf3 {[%emt 0:16:50]} a6 {[%emt 0:05:59]} 9. Be2 {[%emt 0:02:38]} O-O {[%emt 0:01:49]} 10. O-O {[%emt 0:02:50]} Qc7 {[%emt 0:06:23]} 11. Rc1 {[%emt 0:00:35]} b6 {[%emt 0:02:19]} 12. a3 {[%emt 0:01:15]} Bb7 {[%emt 0:01:01]} 13. Qb3 {[%emt 0:03:24]} Na5 {[%emt 0:02:29]} 14. Qa2 {[%emt 0:03:34]} Rac8 {[%emt 0:01:35]} 15. b3 {[%emt 0:08:24]} Ng4 {[%emt 0:02:56]} 16. g3 {[%emt 0:33:17]} Qc6 {[%emt 0:05:00]} 17. h3 {[%emt 0:17:01]} f5 {[%emt 0:08:09]} 18. Rcd1 {[%emt 0:02:43]} Bf6 {[%emt 0:03:38]} 19. Rfe1 {[%emt 0:00:50]} Ne5 {[%emt 0:01:01]} 20. e4 {[%emt 0:00:05]} fxe4 {[%emt 0:00:06]} 21. Nxe5 {[%emt 0:00:57]} Bxe5 {[%emt 0:00:05]} 0-1

[Event "SRB-chT Men 1st League 2019"]
[Site "Subotica"]
[Date "2019.08.29"]
[Round "8.13"]
[White "Indjic, Aleksandar"]
[Black "Predojevic, Borki"]
[Result "0-1"]
[WhiteElo "2617"]
[BlackElo "2618"]
[Annotator "TA"]
[PlyCount "60"]
[EventDate "2019.08.23"]
[EventType "team-tourn"]
[EventCountry "SRB"]
[SourceTitle "playchess.com"]
[Source "ChessBase"]
[SourceQuality "1"]

{[%evp 14,60,32,40,38,35,32,8,2,16,15,16,26,22,41,0,2,2,26,12,14,0,0,-20,-7,-35,-37,-39,-44,-35,-36,-39,0,0,0,0,0,-355,-358,-351,-342,-1372,-1360,-1361,-1275,-1208,-1077,-29994,420]} 1. d4 e6 2. c4 Bb4+ 3. Nc3 c5 4. Nf3 Nf6 5. g3 Nc6 6. Bg2 Ne4 7. Bd2 Nxd2 8. Qxd2 cxd4 {E20: Nimzo-Indian: 4 g3 and 4 f3} 9. Nxd4 O-O 10. Nc2 Be7 {The position is equal.} 11. O-O a6 12. Rfd1 Ne5 (12... Rb8 13. Ne4 b6 14. Rac1 Qc7 15. Nd6 Bb7 16. Nxb7 Rxb7 {1-0 (82) Mamedyarov,S (2799)-Ivanchuk,V (2726) Huaian 2017}) 13. b3 Rb8 {[#]} 14. a4 $146 ({Predecessor:} 14. Ne4 b5 15. c5 Qc7 16. Rac1 {½-½ (40) Sadler,M (2685)-Howell,D (2676) London 2017}) 14... b6 15. f4 Ng4 16. h3 Nf6 17. g4 h6 18. e4 Qc7 19. Kh1 Bb7 20. e5 Bxg2+ 21. Kxg2 Qb7+ 22. Kg3 Ne4+ 23. Nxe4 Qxe4 24. Qd3 Qa8 $1 25. Qxd7 $2 {[%mdl 8192] [#]} (25. Nd4 $11 {and White has nothing to worry.}) 25... Bh4+ $1 $19 {[%mdl 512]} 26. Kxh4 {[#]} Rbd8 $1 {[%cal Rd8d7]} 27. Qe7 $2 (27. Kg3 Rxd7 28. Rxd7) 27... Rxd1 28. Rxd1 Qf3 29. Rd2 Qxf4 30. Qd6 {[#]} g5+ 0-1

[Event "SRB-chT Men 1st League 2019"]
[Site "Subotica"]
[Date "2019.08.29"]
[Round "8.14"]
[White "Nenezic, Marko"]
[Black "Ivic, Velimir"]
[Result "1-0"]
[WhiteElo "2522"]
[BlackElo "2511"]
[Annotator "ChessBase"]
[PlyCount "67"]
[EventDate "2019.08.23"]
[EventType "team-tourn"]
[EventCountry "SRB"]
[SourceTitle "playchess.com"]
[Source "ChessBase"]
[SourceQuality "1"]
[TimeControl "40/5400+30:1800+30"]

1. d4 {[%emt 0:04:29]} Nf6 {[%emt 0:00:00]} 2. c4 {[%emt 0:00:07]} g6 {[%emt 0:00:00]} 3. Nc3 {[%emt 0:00:05]} d5 {[%emt 0:00:11]} 4. Nf3 {[%emt 0:00:16]} Bg7 {[%emt 0:00:09]} 5. cxd5 {[%emt 0:00:13]} Nxd5 {[%emt 0:00:05]} 6. e4 {[%emt 0:00:15]} Nxc3 {[%emt 0:00:06]} 7. bxc3 {[%emt 0:00:07]} c5 {[%emt 0:00:16]} 8. Be3 {[%emt 0:00:30]} Qa5 {[%emt 0:00:12]} 9. Qd2 {[%emt 0:00:12]} O-O {[%emt 0:00:43]} 10. Rc1 {[%emt 0:00:26]} Bg4 {[%emt 0:02:10]} 11. Be2 {[%emt 0:08:13]} Nd7 {[%emt 0:00:36]} 12. d5 {[%emt 0:04:04]} b5 {[%emt 0:04:02]} 13. O-O {[%emt 0:05:57]} a6 {[%emt 0:00:33]} 14. h3 {[%emt 0:02:10]} Bxf3 {[%emt 0:00:10]} 15. Bxf3 {[%emt 0:00:06]} c4 {[%emt 0:00:39]} 16. Rfd1 {[%emt 0:03:31]} Qa3 {[%emt 0:04:41]} 17. Bg5 {[%emt 0:15:57]} Rfe8 {[%emt 0:39:52]} 18. d6 {[%emt 0:14:26]} Ne5 {[%emt 0:29:14]} 19. Bxe7 {[%emt 0:25:27]} Nd3 {[%emt 0:00:39]} 20. e5 {[%emt 0:02:26]} Rab8 {[%emt 0:03:18]} 21. e6 {[%emt 0:02:12]} fxe6 {[%emt 0:01:41]} 22. Bc6 {[%emt 0:01:01]} Rxe7 {[%emt 0:05:32]} 23. dxe7 {[%emt 0:00:06]} Qxe7 {[%emt 0:00:12]} 24. Rc2 {[%emt 0:00:21]} Rf8 {[%emt 0:02:30]} 25. Qe3 {[%emt 0:01:26]} Be5 {[%emt 0:02:29]} 26. Be4 {[%emt 0:01:12]} Bf4 {[%emt 0:01:15]} 27. Qe2 {[%emt 0:00:43]} Nc5 {[%emt 0:00:47]} 28. g3 {[%emt 0:00:59]} Bc7 {[%emt 0:00:24]} 29. Kg2 {[%emt 0:02:20]} Bb6 {[%emt 0:01:07]} 30. Qg4 {[%emt 0:00:47]} Qf6 {[%emt 0:00:50]} 31. Rd6 {[%emt 0:00:49]} Bc7 {[%emt 0:00:34]} 32. Rc6 {[%emt 0:00:25]} Qe7 {[%emt 0:00:27]} 33. Bxg6 {[%emt 0:00:42]} Bd6 {[%emt 0:00:32]} 34. Bh5+ {[%emt 0:00:53]} 1-0

[Event "SRB-chT Men 1st League 2019"]
[Site "Subotica"]
[Date "2019.08.29"]
[Round "8.15"]
[White "Popov, Ivan"]
[Black "Radovanovic, Mihajlo"]
[Result "1/2-1/2"]
[WhiteElo "2604"]
[BlackElo "2496"]
[Annotator "TA"]
[PlyCount "103"]
[EventDate "2019.08.23"]
[EventType "team-tourn"]
[EventCountry "SRB"]
[SourceTitle "playchess.com"]
[Source "ChessBase"]
[SourceQuality "1"]

{[%evp 12,103,21,19,28,23,27,32,35,21,27,27,46,18,19,20,59,59,63,6,3,6,0,0,31,-14,-16,-37,-33,-31,-49,-27,79,75,214,210,207,193,227,-8,-8,-8,-8,-8,-8,-6,-6,-6,-6,-6,-7,-9,-8,-8,-8,-8,12,12,12,12,12,12,12,12,41,12,41,41,41,20,41,12,42,42,42,42,42,42,42,42,42,42,46,42,68,42,42,15,15,15,15,-8,-8,-8]} 1. e4 c5 2. Nf3 d6 3. d4 cxd4 4. Nxd4 Nf6 5. Nc3 a6 6. h3 e6 7. g4 Nfd7 $146 {B81: Sicilian Scheveningen: Keres Attack} (7... h6 8. Bg2 g5 9. Be3 Nbd7 10. Qe2 Ne5 11. O-O-O Nfd7 12. h4 Rg8 13. hxg5 hxg5 14. Kb1 b5 15. f4 gxf4 16. Bxf4 Bb7 {½-½ (56) Karjakin,S (2773)-Mamedyarov,S (2801) Saint Louis 2018}) ({Predecessor:} 7... Be7 8. g5 Nfd7 9. h4 b5 10. a3 Bb7 {0-1 (35) Kokarev,D (2604)-Vorobiov,E (2557) St Petersburg 2018}) 8. Be3 Be7 9. g5 b5 {White is slightly better.} 10. a3 Bb7 11. h4 Nc6 12. Qd2 O-O 13. O-O-O Nc5 14. f3 $1 Rb8 15. Kb1 ({White should try} 15. Nxc6 $14 Bxc6 16. h5) 15... Qc7 $11 16. h5 b4 $1 17. axb4 Nxb4 18. Nde2 Qa5 {aiming for ...Nxe4!} 19. Nc1 Rfc8 $1 {...Na4 is the strong threat.} 20. Bxc5 Qxc5 {[#]} 21. g6 $1 {[%mdl 512]} Bc6 {[#]} ({Much weaker is} 21... fxg6 $6 22. hxg6 hxg6 23. Bh3 $1 $16 {[%mdl 512]} (23. Qh2 Kf7 $14)) (21... Bf6 $11 {keeps the balance.} 22. Nb3 Qc7) 22. Nb3 $1 $16 {[%cal Rb3c5]} Qb6 (22... Qg5 $16 {is a better defense.}) 23. h6 $18 fxg6 {And now ...Bd7 would win.} 24. hxg7 Nxc2 {[#]} 25. Qxc2 $2 ({Wrong is} 25. Kxc2 $2 Qxb3+ 26. Kd3 Bf6 $19) (25. Bc4 $1 $18 {[%cal Rc4e6]} Na3+ 26. bxa3 Bxe4+ {[%mdl 64] Double Attack} 27. Ka1) 25... Qxb3 $11 26. Qxb3 Rxb3 27. Bc4 $1 {[%cal Rc4e6] [#]} Bxe4+ $1 {[%mdl 576] Discovered Attack} 28. Nxe4 Rxc4 29. Nd2 $132 {[%mdl 2048] White is not keeping still} Rcb4 30. Nxb3 Rxb3 {[%mdl 4096] Endgame KRR-KRB} 31. Rhe1 Kxg7 {Threatening ...Kf6.} 32. Rxe6 Kf7 33. Rde1 Bf6 {Threatens to win with ...Be5.} 34. Rxd6 {Strongly threatening Rd7+.} Rxb2+ 35. Kc1 Rb7 36. Rxa6 Rc7+ 37. Kd1 Re7 (37... Rd7+ {feels hotter.} 38. Kc2 Rc7+ 39. Kd3 Rd7+ 40. Ke2 Re7+) 38. Re4 Kg7 39. Rxe7+ Bxe7 $14 {KR-KB} 40. Ke2 Bf6 41. Ke3 Bb2 42. Ra7+ Kg8 43. Rb7 Bf6 44. Kf4 Bc3 45. Ke4 Bf6 46. Kd5 Bc3 47. Ke6 Bd4 48. f4 Bc3 49. f5 gxf5 {The position is equal.} 50. Kxf5 Bd4 51. Rxh7 Kxh7 52. Ke4 {Accuracy: White = 50%, Black = 57%.} 1/2-1/2

[Event "SRB-chT Men 1st League 2019"]
[Site "Subotica"]
[Date "2019.08.29"]
[Round "8.16"]
[White "Vuckovic, Bojan"]
[Black "Stojanovic, Mihajlo"]
[Result "1/2-1/2"]
[WhiteElo "2581"]
[BlackElo "2475"]
[Annotator "ChessBase"]
[PlyCount "25"]
[EventDate "2019.08.23"]
[EventType "team-tourn"]
[EventCountry "SRB"]
[SourceTitle "playchess.com"]
[Source "ChessBase"]
[SourceQuality "1"]
[TimeControl "40/5400+30:1800+30"]

1. e4 {[%emt 0:00:00]} e6 {[%emt 0:00:29]} 2. d4 {[%emt 0:00:00]} d5 {[%emt 0:00:09]} 3. Nc3 {[%emt 0:00:03]} Nf6 {[%emt 0:00:09]} 4. Bg5 {[%emt 0:00:09]} dxe4 {[%emt 0:00:08]} 5. Nxe4 {[%emt 0:00:06]} Nbd7 {[%emt 0:00:06]} 6. Nf3 {[%emt 0:01:25]} h6 {[%emt 0:00:10]} 7. Nxf6+ {[%emt 0:00:39]} Nxf6 {[%emt 0:00:08]} 8. Be3 {[%emt 0:00:10]} Bd6 {[%emt 0:00:24]} 9. Bd3 {[%emt 0:03:46]} O-O {[%emt 0:00:13]} 10. Qe2 {[%emt 0:02:09]} b6 {[%emt 0:00:08]} 11. Rg1 {[%emt 0:09:41]} Bb7 {[%emt 0:01:31]} 12. O-O-O {[%emt 0:08:29]} Nd5 {[%emt 0:07:29]} 13. Kb1 {[%emt 0:03:57]} 1/2-1/2